000 00435nam a2200181Ia 4500
001 16521
005 20260306170315.0
008 260306t2015||||xx |||||||||||||| ||und||
041 _aESP
082 _a348.6
_bS21
100 _aSánchez Zapata, Ronni
_eAUT
245 0 _aTramites y procedimientos laborales
260 _c2015
300 _a327 páginas :
_c24 cm.
650 _aGEN
654 _aCDE
942 _cLIB
_dJUS
_fJUS
_2ddc
_n
999 _c16521
_d16521